Biblioteca

Praying the Psalms in Christ / (Registro nro. 64813)

Detalles MARC
000 -LÍDER
Campo fijo de descripción fija 01154cam a2200361 i 4500
001 - NÚMERO DE CONTROL
Campo de control 276818991
003 - IDENTIFICADOR DEL NÚMERO DE CONTROL
Campo de control OCoLC
005 - FECHA Y HORA DE LA ULTIMA TRANSACCIÓN
control field 20190215103507.0
008 - ELEMENTOS DE LONGITUD FIJA -- INFORMACIÓN GENERAL
Campo fijo de descripción fija -- Información general 090120s2009 inu g b 001 0 eng
010 ## - NÚMERO DE CONTROL DE LA BIBLIOTECA DEL CONGRESO
Número de control LC 2009001154
020 ## - NÚMERO INTERNACIONAL NORMALIZADO PARA LIBROS
Número Internacional Normalizado del libro 9780268033200 (pbk. : alk. paper)
020 ## - NÚMERO INTERNACIONAL NORMALIZADO PARA LIBROS
Número Internacional Normalizado del libro 026803320X (pbk. : alk. paper)
040 ## - FUENTE DE CATALOGACIÓN
Agencia de catalogación original DLC
Agencia que realiza la transcripción CO-MdFUSB
Agencia que realiza la modificación BTCTA
-- YDXCP
-- C#P
-- BWX
-- OrLoB-B
Idioma de catalogación spa
Convenciones de la descripción rda
041 ## - CÓDIGO DE IDIOMA
Código de idioma para texto/pista de sonido o título separado eng
082 ## - NÚMERO DE CLASIFICACIÓN DECIMAL DEWEY
Número de la edición del Dewey 24
Número de clasificación G 223.207
Clave de autor-Numero de item K92p
100 1# - ASIENTO PRINCIPAL--NOMBRE PERSONAL
Nombre personal Kriegshauser, Laurence.
Término relacionador autor
245 00 - TÍTULO
Título del Material Praying the Psalms in Christ /
Mención de responsabilidad, etc. Laurence Kriegshauser.
264 #1 - PRODUCCIÓN, PUBLICACIÓN, DISTRIBUCIÓN, MANUFACTURA, Y COPYRIGHT
Lugar de producción, publicación, distribución, manufactura Notre Dame, Indiana :
Nombre del productor, publicador, distribuidor University of Notre Dame Press,
Fecha de producción, publicación, distribución, manufactura, o copyright ℗2009
264 #4 - PRODUCCIÓN, PUBLICACIÓN, DISTRIBUCIÓN, MANUFACTURA, Y COPYRIGHT
Fecha de producción, publicación, distribución, manufactura, o copyright ©2009
300 ## - DESCRIPCIÓN FÍSICA
Extensión ix, 356 páginas ;
Dimensiones 23 cm.
336 ## - TIPO DE CONTENIDO
Fuente rdacontent
Término de tipo de contenido texto
Código de tipo de contenido txt
337 ## - TIPO DE MEDIO
Fuente rdamedia
Nombre del tipo de medio sin mediación
Código del tipo de medio n
338 ## - TIPO DE SOPORTE
Fuente rdacarrier
Nombre del tipo de soporte volumen
Código Tipo de soporte nc
490 1# - MENCIÓN DE SERIE
Mención de serie Reading the Scriptures.
501 ## - NOTA DE “CON”
Nota de Contenido Incluye índices (páginas 331- 356)
504 ## - NOTA DE BIBLIOGRAFÍA, ETC.
Nota de bibliografía, etc Bibliografía (páginas 328- 330)
505 ## - NOTA DE CONTENIDO
Nota de contenido con formato preestablecido Salmos 1-150
630 07 - TITULO UNIFORME
Título uniforme Biblia.
Nombre de parte o sección de la obra Salmos
830 #0 - PUNTO DE ACCESO ADICIONAL DE SERIE - TÍTULO UNIFORME
Título uniforme Reading the Scriptures.
942 ## - TIPO DE MATERIAL (KOHA)
Tipo de Item KOHA Libros General
Existencias
Estado de Material Estado de Perdido Forma de Clasificación Estado de Dañado No para Préstamo Colección Biblioteca de Origen Biblioteca Permanente Fecha de Adquisición Total de Préstamos Signatura Topográfica Código de Barras Última vez visto Ejemplar/Existencia Fecha de Remplazo Tipo de Material
    Dewey Decimal Classification     Colección General Biblioteca FUSBC Biblioteca FUSBC 15/02/2019   G 223.207 K92p 10199 26/05/2025 Ej. 1 15/02/2019 Libros General

Biblioteca FUSBC | Teléfono: (57+4) 349 88 10 Ext. 141| WhatsApp (+57) 3005338115 
E-mail: biblioteca@unisbc.edu.co | Calle 76 87-14 Robledo Palenque, Medellín, Colombia

Con tecnología Koha